आकांक्षाः (Record no. 37453)

MARC details
000 -LEADER
fixed length control field 01117nam a22002417a 4500
005 - DATE AND TIME OF LATEST TRANSACTION
control field 20100723100918.0
010 ## - LCCN (DPL NO)
LC control number HIN-89804
020 ## - INTERNATIONAL STANDARD BOOK NUMBER
Terms of availability 120.00
International Standard Book Number 9788189206192
035 ## - SYSTEM CONTROL NUMBER
System control number HN-62150
037 ## - SOURCE OF ACQUISITION
Source of stock number/acquisition DBAD/PUB
082 ## - DEWEY DECIMAL CLASSIFICATION NUMBER
Classification number
100 ## - MAIN ENTRY--PERSONAL NAME
Personal name शर्मा, गिरिधर प्रसाद
245 ## - TITLE STATEMENT
Title आकांक्षाः
Statement of responsibility, etc गिरिधर प्रसाद शर्मा
Remainder of title एक सामाजिक उपन्यास /
246 ## - VARYING FORM OF TITLE
Title proper/short title Akansha
Remainder of title by Girdhar Prasad Sharma
260 ## - PUBLICATION, DISTRIBUTION, ETC. (IMPRINT)
Place of publication, distribution, etc इलाहाबाद
Name of publisher, distributor, etc विनायक पब्लिकेशन्स
Date of publication, distribution, etc 2010
270 ## - ADDRESS
Address 53/50, चाहचन्द, (जीरो रोड)
City इलाहाबाद
Postal code 211003
300 ## - PHYSICAL DESCRIPTION
Extent 88पृ.
Dimensions 22सेमी (सजिल्द)
650 ## - SUBJECT ADDED ENTRY--TOPICAL TERM
Topical term or geographic name as entry element हिन्दी कथा साहित्य
650 ## - SUBJECT ADDED ENTRY--TOPICAL TERM
Topical term or geographic name as entry element Hindi Fiction
700 ## - ADDED ENTRY--PERSONAL NAME
9 (RLIN) 1006
942 ## - ADDED ENTRY ELEMENTS (KOHA)
Source of classification or shelving scheme Dewey Decimal Classification
Item type Hindi Books
Classification part
Call number suffix शर्मागि
Holdings
Withdrawn status Lost status Not for loan Collection code Home library Current library Date acquired Source of acquisition Cost, normal purchase price Full call number Barcode Copy number Cost, replacement price Koha item type
    Not For Loan Fiction D.B.Act.Division D.B.Act.Division 23/07/2010 DBAD / PUB 120.00 उ शर्मागि HN-62150 1 120.00 Hindi Books

© Delhi Public Library
Hit Counter
free hit counter